| 000 | 01041nam a2200301Ia 4500 | ||
|---|---|---|---|
| 001 | 57156 | ||
| 003 | IT-RoPAU | ||
| 008 | 130308s9999 xx 000 0 und d | ||
| 040 | _aIT-RoPAU | ||
| 040 | _cIT-RoPAU | ||
| 041 | _aITALIANO | ||
| 100 | _aCherchi Usai Paolo | ||
| 100 | _gCodice Aut. SPICS: 7030 | ||
| 245 | _a"Storia ed estetica della ""Copia originale""-Un modello di analisi" | ||
| 245 | _bLeggere Il Cinema-Le Storie e I Generi | ||
| 250 | _a1a ed. | ||
| 260 | _aMILANO | ||
| 260 | _bBibliografica | ||
| 260 | _c1987 [1° Ed.:1987 - Ed.Ling.Originale:1987] | ||
| 300 | _a"28 p. (prefazione: no ; testo: 28 [pagine: 57-84])" | ||
| 500 | _aPittura Riconsiderata Politica delle cineteche Arte Riproducibile Analisi delle copie un Drame a Venise The Mistletoe Bough ritorno All'Originale Limiti del restauro informazioni Sull'Originale scheda del Nitrato Filmografia Materiale | ||
| 650 | _aBIBLIOGRAFIA | ||
| 650 | _eCodice materia Spics: 2001 | ||
| 942 | _cBK | ||
| 957 | _71 | ||
| 999 |
_c38526 _d38526 |
||
| 999 | _bSI | ||
| 999 | _g1 | ||